| 000 | 00337 a2200133 4500 | ||
|---|---|---|---|
| 999 |
_c325219 _d325219 |
||
| 001 | 90146 | ||
| 003 | NUST | ||
| 082 | _a70.442 ORI | ||
| 100 |
_aOrya Maqbool Jan _99711 |
||
| 245 |
_aHarf-e-Raaz 3 _cOrya Maqbool Jan _hUrdu |
||
| 260 |
_aLahore _bSang-e-meel Publications _c2013 |
||
| 300 | _a264p. | ||
| 500 | _aGeneral Books | ||
| 942 |
_aCAE NUST _cBK _k70.442 ORI _2ddc |
||